000 00575nam a2200181Ia 4500
999 _c23445
_d23445
003 OSt
005 20200512121151.0
008 190216s9999||||xx |||||||||||||| ||und||
020 _a9788174356376
040 _coclc
082 _a297.09
_bNYA/I
100 _aNyazee, Imran Ahsan Khan
_91734
245 0 _aIslamic Law Of Business Organization Corporations /
_c Imran Ahsan Khan Nyazee
260 _bAdam Publishers&Distributors,
_c2010.
_aNew Delhi:
300 _a206p
650 _aIslamic History
942 _cBK
_2ddc
_h297.09
_iNYA/I
_k297.09
_mNYA/I